[Event "Elgoibar Danobat U2200 op 1st"]
[Site "Elgoibar"]
[Date "2018.11.15"]
[Round "5"]
[White "Irure Crespo, Egoitz"]
[Black "Leon Reinares, Mikel"]
[Result "1-0"]
[WhiteElo "1992"]
[BlackElo "1707"]
[PlyCount "57"]
[EventDate "2018.09.27"]
[EventType "swiss"]
[EventRounds "7"]
[EventCountry "ESP"]
[SourceTitle "EXT 2020"]
[Source "ChessBase"]
[SourceDate "2019.10.17"]
[SourceVersion "1"]
[SourceVersionDate "2019.10.17"]
[SourceQuality "1"]

1. d4 d5 2. Nf3 c6 3. e3 Nf6 4. Bd3 Bg4 5. c4 e6 6. Qb3 Qb6 7. Ne5 Nbd7 8. Nxg4 Nxg4 9. c5 Qxb3 10. axb3 e5 11. b4 exd4 12. exd4 g6 13. h3 Ngf6 14. 0-0 Bg7 15. Re1+ Kd8 16. Nd2 Re8 17. Rxe8+ Nxe8 18. Nb3 Nc7 19. Be3 Nf8 20. f4 f5 21. g4 fxg4 22. hxg4 b5 23. f5 Kd7 24. Rf1 gxf5 25. Bxf5+ Nce6 26. Na5 Kc7 27. Bxe6 Nxe6 28. Rf7+ Kc8 29. Re7 1-0

[Event "Donostia Spring op 09th"]
[Site "Donostia"]
[Date "2013.05.11"]
[Round "5"]
[White "Leon Reinares, Mikel"]
[Black "Irure Crespo, Egoitz"]
[Result "1-0"]
[WhiteElo "1832"]
[BlackElo "1986"]
[PlyCount "85"]
[EventDate "2013.04.19"]
[EventType "swiss"]
[EventRounds "8"]
[EventCountry "ESP"]
[SourceTitle "EXT 2024"]
[Source "ChessBase"]
[SourceDate "2023.10.10"]
[SourceVersion "1"]
[SourceVersionDate "2023.10.10"]
[SourceQuality "1"]

1. e4 d5 2. exd5 Nf6 3. d4 Bg4 4. Nf3 Qxd5 5. Nc3 Qh5 6. Be2 e6 7. Bf4 c6 8. Qd3 Nbd7 9. h3 Bf5 10. Qd1 Be4 11. Ng5 Qg6 12. Ncxe4 Nxe4 13. Bd3 f5 14. Bxe4 fxe4 15. Qg4 Qf5 16. Nxe6 Qxg4 17. hxg4 Ke7 18. Ng5 Nf6 19. 0-0-0 Nxg4 20. Nxe4 Re8 21. f3 Nf6 22. Rhe1 Kf7 23. Bg5 h6 24. Bh4 g5 25. Nxf6 gxh4 26. Ng4 h5 27. Ne5+ Kf6 28. Rh1 Bh6+ 29. Kb1 Bg5 30. f4 Bh6 31. Rxh4 Rhg8 32. Rxh5 Bxf4 33. g4 Ke6 34. c3 c5 35. Rf1 Be3 36. Re1 cxd4 37. cxd4 Bd2 38. Re2 Rc8 39. Rxd2 Rgf8 40. Rh6+ Kd5 41. Rh1 Ke4 42. Re1+ Kd5 43. g5 1-0

[Event "Gipuzkoa Province-ch"]
[Site "Azkoitia"]
[Date "2010.11.13"]
[Round "5"]
[White "Irure Crespo, Egoitz"]
[Black "Etxagibel Larranaga, Asier"]
[Result "1/2-1/2"]
[WhiteElo "1977"]
[BlackElo "1964"]
[PlyCount "66"]
[EventDate "2010.10.16"]
[EventType "swiss"]
[EventRounds "7"]
[EventCountry "ESP"]
[SourceTitle "EXT 2014"]
[Source "ChessBase"]
[SourceDate "2013.11.20"]
[SourceVersion "1"]
[SourceVersionDate "2013.11.20"]
[SourceQuality "1"]

1. e4 c5 2. Nf3 Nc6 3. d4 cxd4 4. Nxd4 Nf6 5. Nc3 e5 6. Ndb5 d6 7. Bg5 a6 8. Na3 b5 9. Nd5 Be7 10. Bxf6 Bxf6 11. c4 bxc4 12. Nxc4 Nd4 13. Ncb6 Ra7 14. Rc1 Bd7 15. Nxd7 Rxd7 16. Qa4 0-0 17. Qxa6 Qb8 18. b4 Ra7 19. Qc4 Qa8 20. Bd3 Bg5 21. f4 Bh4+ 22. g3 Rxa2 23. 0-0 Qa7 24. Kh1 Bf6 25. fxe5 dxe5 26. Nxf6+ gxf6 27. Rxf6 Kg7 28. Rcf1 Ra1 29. Qc3 Rxf1+ 30. Rxf1 Qb7 31. Qd2 f6 32. b5 Rd8 33. Qd1 Qd7 1/2-1/2

[Event "Gipuzkoa-ch"]
[Site "Zarautz"]
[Date "2009.12.05"]
[Round "7"]
[White "Irure Crespo, Egoitz"]
[Black "Beitia Amador Carrandi, Ernesto"]
[Result "1/2-1/2"]
[WhiteElo "1967"]
[BlackElo "2010"]
[PlyCount "143"]
[EventDate "2009.10.24"]
[EventType "swiss"]
[EventRounds "7"]
[EventCountry "ESP"]
[SourceTitle "EXT 2012"]
[Source "ChessBase"]
[SourceDate "2011.11.24"]
[SourceVersion "1"]
[SourceVersionDate "2011.11.24"]
[SourceQuality "1"]

1. e4 e5 2. Nf3 Nc6 3. Bb5 Nf6 4. 0-0 Nxe4 5. Qe2 Nd6 6. Bxc6 dxc6 7. Qxe5+ Qe7 8. Qa5 Be6 9. Re1 b6 10. Qc3 c5 11. Nd4 Qd7 12. Nxe6 fxe6 13. Qh3 0-0-0 14. Qxe6 g6 15. Nc3 Bg7 16. Qxd7+ Kxd7 17. d3 Nf5 18. Bf4 Nd4 19. Rac1 Rde8 20. Kf1 c6 21. Re4 b5 22. Be3 Ne6 23. Re1 Nd4 24. Bxd4 cxd4 25. Ne2 Rxe4 26. dxe4 Ke6 27. Rd1 Rd8 28. c3 c5 29. cxd4 cxd4 30. f4 d3 31. Nc3 Rd4 32. Nxb5 Rxe4 33. Re1 Rxe1+ 34. Kxe1 Bxb2 35. Kd2 Kf5 36. Kxd3 Kxf4 37. Nxa7 Ba3 38. Nb5 Bc5 39. Ke2 Bg1 40. h3 Kg3 41. Kf1 Bc5 42. Nc3 Ba3 43. Nb5 Bc5 44. a4 g5 45. Nc3 Bb4 46. Ne4+ Kh4 47. Kf2 h5 48. Kf3 g4+ 49. hxg4 hxg4+ 50. Kf2 Ba5 51. Nd6 Bb6+ 52. Kf1 Kg3 53. Nc4 Bd4 54. a5 Kf4 55. a6 Ke4 56. Ke2 Kd5 57. Ne3+ Kc6 58. Nxg4 Kb6 59. Kd3 Bg7 60. Ke4 Kxa6 61. Ne5 Kb7 62. g4 Kc8 63. Kf5 Kd8 64. Ng6 Ke8 65. g5 Kf7 66. Nf4 Bb2 67. g6+ Kg8 68. Nh5 Bc3 69. Ke6 Bb2 70. Nf6+ Bxf6 71. Kxf6 Kf8 72. g7+ 1/2-1/2

[Event "San Sebastian Nagusia op"]
[Site "San Sebastian"]
[Date "2008.11.15"]
[Round "4"]
[White "Irure Crespo, Egoitz"]
[Black "Galarza Cenzano, Inigo"]
[Result "1/2-1/2"]
[WhiteElo "1935"]
[BlackElo "2022"]
[PlyCount "26"]
[EventDate "2008.10.25"]
[EventType "swiss"]
[EventRounds "7"]
[EventCountry "ESP"]
[SourceTitle "EXT 2011"]
[Source "ChessBase"]
[SourceDate "2010.11.26"]
[SourceVersion "1"]
[SourceVersionDate "2010.11.26"]
[SourceQuality "1"]

1. e4 e5 2. Nf3 Nc6 3. Bb5 a6 4. Bxc6 dxc6 5. d4 exd4 6. Qxd4 Qxd4 7. Nxd4 Bd7 8. Nc3 Bb4 9. Nde2 Nf6 10. f3 h5 11. a3 Bc5 12. Bf4 0-0-0 13. 0-0-0 Be6 1/2-1/2

[Event "San Sebastian op 31st"]
[Site "San Sebastian"]
[Date "2008.03.18"]
[Round "3"]
[White "Puerto Traver, Juan Manuel"]
[Black "Irure Crespo, Egoitz"]
[Result "1-0"]
[WhiteElo "2105"]
[BlackElo "1941"]
[PlyCount "141"]
[EventDate "2008.03.16"]
[EventType "swiss"]
[EventRounds "9"]
[EventCountry "ESP"]
[SourceTitle "CBM 123 Extra"]
[Source "ChessBase"]
[SourceDate "2008.05.06"]
[SourceVersion "1"]
[SourceVersionDate "2008.05.06"]
[SourceQuality "1"]

1. d4 Nf6 2. Bg5 e6 3. e4 c5 4. d5 d6 5. Nc3 Be7 6. Bb5+ Bd7 7. Bxd7+ Qxd7 8. Nf3 exd5 9. Nxd5 Nxd5 10. Qxd5 Nc6 11. Rd1 Qe6 12. 0-0 Rd8 13. Bxe7 Qxd5 14. Rxd5 Kxe7 15. c4 f6 16. a3 Rhe8 17. Nh4 g6 18. f3 Ke6 19. g4 b6 20. Kf2 Kf7 21. Ng2 Ne7 22. Rd2 Nc6 23. Ne3 Nd4 24. h4 Nb3 25. Rd3 Nd4 26. Rfd1 Re6 27. R1d2 Nc6 28. Kg3 Nd4 29. b4 Nc6 30. b5 Na5 31. Rc3 Rd7 32. Rh2 Re8 33. h5 Kg7 34. hxg6 hxg6 35. Nd5 Rf7 36. Rc1 Rh8 37. Rxh8 Kxh8 38. Rc3 Kg7 39. Ne3 Rd7 40. Rd3 Kf7 41. f4 Ke7 42. Nf1 Nxc4 43. Nd2 Nxd2 44. Rxd2 Ke6 45. f5+ gxf5 46. exf5+ Kf7 47. Rd5 Ke7 48. Kf4 c4 49. g5 fxg5+ 50. Kxg5 Kf7 51. Rd4 d5 52. Rh4 c3 53. Rh7+ Ke8 54. Rh8+ Ke7 55. f6+ Ke6 56. Kg6 Rc7 57. Re8+ Kd6 58. Rd8+ Kc5 59. f7 Rxf7 60. Rc8+ Kd4 61. Kxf7 Kd3 62. Ke6 d4 63. Kd5 Ke3 64. a4 Kd3 65. Rc4 c2 66. Rxd4+ Kc3 67. Rc4+ Kb3 68. Rc6 Kxa4 69. Rxc2 Kxb5 70. Rb2+ Ka5 71. Kc6 1-0

[Event "San Sebastian op 30th"]
[Site "San Sebastian"]
[Date "2007.04.05"]
[Round "5"]
[White "Irure Crespo, Egoitz"]
[Black "Lakunza Oyarbide, Juan Carlos"]
[Result "0-1"]
[WhiteElo "1953"]
[BlackElo "2170"]
[PlyCount "46"]
[EventDate "2007.04.01"]
[EventType "swiss"]
[EventRounds "9"]
[EventCountry "ESP"]
[SourceTitle "CBM 117 Extra"]
[Source "ChessBase"]
[SourceDate "2007.05.09"]
[SourceVersion "1"]
[SourceVersionDate "2007.05.09"]
[SourceQuality "1"]

1. e4 e5 2. Nf3 Nc6 3. d4 exd4 4. Nxd4 Bc5 5. Be3 Qf6 6. Nb5 Bxe3 7. fxe3 Qh4+ 8. g3 Qxe4 9. Nxc7+ Kd8 10. Nxa8 Qxh1 11. Qd6 Nge7 12. Nc3 Qf3 13. Be2 Qxe3 14. Qc7+ Ke8 15. Nb5 Kf8 16. Rd1 g6 17. Rd3 Qc1+ 18. Kf2 d5 19. Re3 Qxb2 20. c3 Be6 21. Nxa7 d4 22. cxd4 Qxd4 23. Nxc6 Qxe3+ 0-1